[Event "Gibraltar Challengers B"]
[Site "Gibraltar"]
[Date "2019.01.26"]
[Round "1.25"]
[White "Alarcon Olmos, Daniel"]
[Black "Nandi, Robin J"]
[Result "1-0"]
[WhiteElo "2124"]
[BlackElo "1903"]
[PlyCount "113"]
[EventDate "2019.01.26"]
[EventType "swiss"]
[EventRounds "5"]
[EventCountry "GGB"]

1. e4 e5 2. Nf3 Nc6 3. Bb5 a6 4. Ba4 Nf6 5. Qe2 b5 6. Bb3 Be7 7. a4 Rb8 8. axb5
axb5 9. d4 d6 10. d5 Nb4 11. c3 Na6 12. Bc2 O-O 13. b4 c5 14. Ba3 cxb4 15. cxb4
Qc7 16. O-O Bd7 17. Rc1 Rfc8 18. Nbd2 Qb6 19. Nb3 Rc7 20. Bd3 Rbc8 21. h3 Nh5
22. Qd2 Nf4 23. Rxc7 Rxc7 24. Rc1 g6 25. Bb1 Kg7 26. Bb2 Bf6 27. Rxc7 Qxc7 28.
Na5 Kg8 29. Kh2 Bd8 30. Ng1 Qc8 31. Qc3 Qxc3 32. Bxc3 Bb6 33. g3 Nh5 34. Kg2
Kf8 35. Bd3 Ke7 36. Nc6+ Bxc6 37. dxc6 Nc7 38. Ne2 f5 39. exf5 gxf5 40. Bxf5
Nf6 41. h4 Ne6 42. g4 Nd8 43. g5 Nd5 44. Bd2 Nxc6 45. Bxh7 Ncxb4 46. g6 Kf6 47.
Bg5+ Kg7 48. h5 Nd3 49. h6+ Kh8 50. Nc3 N3f4+ 51. Kf3 Ne6 52. Nxd5 Nxg5+ 53.
Kg4 Nxh7 54. g7+ Kg8 55. Ne7+ Kf7 56. g8=Q+ Kxe7 57. Qxh7+ 1-0

[Event "Gibraltar Challengers B"]
[Site "Gibraltar"]
[Date "2019.01.26"]
[Round "1.28"]
[White "Pereira Lopez, Aketza"]
[Black "Verneuil, Pascal"]
[Result "0-1"]
[WhiteElo "1861"]
[BlackElo "2114"]
[PlyCount "78"]
[EventDate "2019.01.26"]
[EventType "swiss"]
[EventRounds "5"]
[EventCountry "GGB"]

1. e4 c5 2. Nc3 Nc6 3. g3 g6 4. Bg2 Bg7 5. d3 Rb8 6. a4 a6 7. Be3 d6 8. Nge2
Nd4 9. O-O h5 10. h3 b5 11. axb5 axb5 12. Qd2 Bxh3 13. Bxd4 cxd4 14. Bxh3 dxc3
15. bxc3 b4 16. d4 bxc3 17. Qxc3 Nf6 18. Qc6+ Kf8 19. f3 Bh6 20. Rfb1 Kg7 21.
Rb7 h4 22. Raa7 Ng8 23. Kg2 hxg3 24. Nxg3 Bg5 25. Qd5 Bh4 26. e5 dxe5 27. Qxe5+
Bf6 28. Qxb8 Qxd4 29. Rd7 Qh4 30. Bg4 Qh2+ 31. Kf1 Qxc2 32. Rac7 Qa2 33. Rc8
Qa1+ 34. Kg2 Be5 35. Qa7 Qb2+ 36. Qf2 Rh2+ 37. Kxh2 Qxf2+ 38. Kh1 Bxg3 39.
Rxg8+ Kxg8 0-1

[Event "Gibraltar Challengers B"]
[Site "Gibraltar"]
[Date "2019.01.26"]
[Round "1.30"]
[White "Fischer, Gerd"]
[Black "Bub, Volker"]
[Result "0-1"]
[WhiteElo "1845"]
[BlackElo "2108"]
[PlyCount "67"]
[EventDate "2019.01.26"]
[EventType "swiss"]
[EventRounds "5"]
[EventCountry "GGB"]

1. d4 Nf6 2. c4 g6 3. Nc3 Bg7 4. e4 d6 5. h3 O-O 6. Be3 e5 7. d5 Na6 8. Nf3 Nh5
9. g4 Nf4 10. Ne2 Nxe2 11. Bxe2 Nc5 12. Nd2 a5 13. Qc2 a4 14. Nf1 Bd7 15. Ng3
c6 16. Qd2 cxd5 17. cxd5 Qa5 18. O-O-O Rfc8 19. Kb1 Qxd2 20. Rxd2 Bf6 21. h4
Bd8 22. h5 Ba5 23. Rdd1 a3 24. Bxc5 Rxc5 25. Rc1 Rac8 26. hxg6 hxg6 27. f3 Bb4
28. Rhd1 axb2 29. Rxc5 Rxc5 30. Kxb2 Ba4 31. Rd3 Be1 32. Ra3 b5 33. Kb1 Rc2 34.
Rd3 0-1

[Event "Gibraltar Challengers B"]
[Site "Gibraltar"]
[Date "2019.01.26"]
[Round "1.31"]
[White "Bottema, Martin"]
[Black "Erdogan, Hassan"]
[Result "1/2-1/2"]
[WhiteElo "2104"]
[BlackElo "1833"]
[PlyCount "57"]
[EventDate "2019.01.26"]
[EventType "swiss"]
[EventRounds "5"]
[EventCountry "GGB"]

1. d4 Nf6 2. Nf3 d6 3. c4 Bg4 4. Qb3 Qc8 5. g3 Bxf3 6. Qxf3 c6 7. Bg2 e5 8.
dxe5 dxe5 9. O-O Be7 10. b3 O-O 11. Bb2 Bd6 12. Rd1 Qc7 13. Nd2 Nbd7 14. Nf1
Rad8 15. Ne3 g6 16. Bh3 e4 17. Qg2 Be5 18. Rab1 Bxb2 19. Rxb2 Ne5 20. Qf1 Qa5
21. Qe1 Qxe1+ 22. Rxe1 Nh5 23. Nf1 f5 24. Rbb1 Rd6 25. Red1 Rfd8 26. Ne3 Kf7
27. Kf1 Ng7 28. Rxd6 Rxd6 29. Rd1 1/2-1/2

[Event "Gibraltar Challengers B"]
[Site "Gibraltar"]
[Date "2019.01.26"]
[Round "1.32"]
[White "Teh, Wee Zhun"]
[Black "Havik, Victor"]
[Result "0-1"]
[WhiteElo "1818"]
[BlackElo "2088"]
[PlyCount "70"]
[EventDate "2019.01.26"]
[EventType "swiss"]
[EventRounds "5"]
[EventCountry "GGB"]

1. d4 Nf6 2. c4 e6 3. Nc3 Bb4 4. f3 c5 5. d5 d6 6. e4 O-O 7. Nge2 exd5 8. cxd5
Nbd7 9. Ng3 Ne5 10. Be2 Bd7 11. O-O Re8 12. Bg5 h6 13. Bd2 a6 14. Qc2 b5 15. f4
Ng6 16. Rae1 c4 17. h3 Bc5+ 18. Kh2 Rc8 19. Nd1 Qb6 20. Bf3 Nh4 21. Be2 Ng6 22.
Bf3 b4 23. Nh5 Bd4 24. Be3 Nxh5 25. Bxh5 b3 26. axb3 cxb3 27. Qb1 Rc2 28. Nc3
Bxe3 29. Bxg6 fxg6 30. e5 dxe5 31. fxe5 Rxe5 32. Qd1 Qd6 33. Kh1 Bxh3 34. Re2
Bg4 35. Qd3 Rh5# 0-1

[Event "Gibraltar Challengers B"]
[Site "Gibraltar"]
[Date "2019.01.26"]
[Round "1.33"]
[White "Schouten, Freek"]
[Black "Maldonado Mena, German"]
[Result "0-1"]
[WhiteElo "2087"]
[BlackElo "1808"]
[PlyCount "78"]
[EventDate "2019.01.26"]
[EventType "swiss"]
[EventRounds "5"]
[EventCountry "GGB"]

1. d4 Nf6 2. c4 g6 3. Nc3 Bg7 4. e4 d6 5. f4 O-O 6. Nf3 Ne8 7. Be2 Bg4 8. O-O
Nd7 9. Be3 c5 10. d5 Qa5 11. Ng5 Bxe2 12. Qxe2 Bxc3 13. bxc3 Qxc3 14. Rac1 Qa5
15. Qg4 Nef6 16. Qh3 h5 17. e5 dxe5 18. f5 Ng4 19. fxg6 fxg6 20. Rxf8+ Rxf8 21.
Ne6 Rf7 22. Qg3 Qa3 23. Re1 Qd3 24. h3 Nxe3 25. Rxe3 Rf1+ 26. Kh2 Qf5 27. a4 b6
28. a5 Rc1 29. axb6 axb6 30. Ra3 Rxc4 31. Ra8+ Kh7 32. Qe3 Qf6 33. Ng5+ Kh6 34.
Rh8+ Kg7 35. Rh7+ Kg8 36. Rf7 Qd6 37. Rf1 Rf4 38. Rd1 Nf6 39. Kh1 Nxd5 0-1

[Event "Gibraltar Challengers B"]
[Site "Gibraltar"]
[Date "2019.01.26"]
[Round "1.36"]
[White "Diaz Mino, Daniel"]
[Black "Broekman, Willem"]
[Result "0-1"]
[WhiteElo "1769"]
[BlackElo "2071"]
[PlyCount "46"]
[EventDate "2019.01.26"]
[EventType "swiss"]
[EventRounds "5"]
[EventCountry "GGB"]

1. e4 e6 2. d4 d5 3. exd5 exd5 4. Bd3 Bd6 5. Nf3 Ne7 6. c3 c6 7. O-O O-O 8. Qc2
h6 9. Re1 Bg4 10. Ne5 Bh5 11. f4 Nd7 12. Re3 f6 13. g4 fxe5 14. fxe5 Bxg4 15.
Rg3 Nxe5 16. dxe5 Bc5+ 17. Kg2 Rf2+ 18. Qxf2 Bxf2 19. Rxg4 h5 20. Rg5 Qb6 21.
Nd2 Be1 22. Kh1 Rf8 23. Rg1 Qe3 0-1

[Event "Gibraltar Challengers B"]
[Site "Gibraltar"]
[Date "2019.01.26"]
[Round "1.37"]
[White "Spacapan, Simon"]
[Black "Tkadlecek, Petr"]
[Result "1-0"]
[WhiteElo "2061"]
[BlackElo "1719"]
[PlyCount "59"]
[EventDate "2019.01.26"]
[EventType "swiss"]
[EventRounds "5"]
[EventCountry "GGB"]

1. e4 c5 2. Nf3 Nc6 3. d4 cxd4 4. Nxd4 Nf6 5. Nc3 e5 6. Ndb5 a6 7. Nd6+ Bxd6 8.
Qxd6 Qe7 9. Qd3 h6 10. Be3 Nb4 11. Qd2 Ng4 12. Bb6 O-O 13. a3 Qe6 14. Bc5 Nc6
15. Bxf8 Kxf8 16. Nd5 Rb8 17. c3 Na5 18. Rd1 b5 19. b4 Nb7 20. Be2 d6 21. O-O
Nf6 22. Nxf6 Qxf6 23. c4 Qg6 24. f3 Bh3 25. Rf2 Bd7 26. Qd5 bxc4 27. Bxc4 Be6
28. Qc6 a5 29. Ba6 axb4 30. Bxb7 1-0

[Event "Gibraltar Challengers B"]
[Site "Gibraltar"]
[Date "2019.01.26"]
[Round "1.38"]
[White "Hng, Mei-Xian Eunice"]
[Black "Alami, Halim"]
[Result "0-1"]
[WhiteElo "1718"]
[BlackElo "2059"]
[PlyCount "92"]
[EventDate "2019.01.26"]
[EventType "swiss"]
[EventRounds "5"]
[EventCountry "GGB"]

1. e4 e5 2. Nf3 Nf6 3. Nxe5 d6 4. Nf3 Nxe4 5. Bc4 d5 6. Bb3 c6 7. d3 Nf6 8. O-O
Be7 9. h3 O-O 10. c3 Nbd7 11. Be3 Re8 12. a4 Nf8 13. Re1 Ng6 14. Nbd2 Nh5 15.
Bc2 Nhf4 16. d4 Bd6 17. Nf1 Bd7 18. Ng3 Qf6 19. Bxf4 Nxf4 20. Nh2 Bxh3 21.
Rxe8+ Rxe8 22. Bxh7+ Kxh7 23. Qc2+ Kg8 24. gxh3 Qh4 25. Qf5 Nxh3+ 26. Kg2 Nf4+
27. Kh1 Re6 28. Qg4 Qxg4 29. Nxg4 Nd3 30. Nf5 Bf4 31. Kg2 g6 32. Nfe3 f5 33.
Ne5 Nxe5 34. dxe5 Bxe5 35. Rd1 Re7 36. Kf3 Kf7 37. a5 Ke6 38. a6 g5 39. Nc2 g4+
40. Kg2 c5 41. Ne3 d4 42. cxd4 Bxd4 43. axb7 Rxb7 44. Nc4 Rb4 45. Na5 Rxb2 46.
Re1+ Kf6 0-1

[Event "Gibraltar Challengers B"]
[Site "Gibraltar"]
[Date "2019.01.27"]
[Round "2.1"]
[White "Severijnen, Arjon"]
[Black "Villar Reymundo, Juan Antonio"]
[Result "1/2-1/2"]
[WhiteElo "2120"]
[BlackElo "2237"]
[PlyCount "205"]
[EventDate "2019.01.26"]
[EventType "swiss"]
[EventRounds "5"]
[EventCountry "GGB"]

1. e4 c5 2. Nf3 Nc6 3. d4 cxd4 4. Nxd4 Nf6 5. Nc3 d6 6. g3 e5 7. Nde2 Be6 8.
Bg2 Be7 9. O-O O-O 10. a4 h6 11. h3 Nb4 12. b3 d5 13. exd5 Nbxd5 14. Bb2 Nxc3
15. Nxc3 Qc8 16. Kh2 Bc5 17. Ne2 Rd8 18. Qe1 Bd6 19. c4 Bd7 20. Nc3 Bc6 21. Nd5
Bxd5 22. cxd5 Qf5 23. Qe3 Qg5 24. Qe2 Rd7 25. Rac1 h5 26. Rc4 Re8 27. Rd1 Rde7
28. a5 a6 29. Bc3 g6 30. Bb4 Rd7 31. Bc3 Rde7 32. Kg1 Nd7 33. Bd2 Qf6 34. Bb4
Rd8 35. h4 Bxb4 36. Rxb4 Nc5 37. Qc4 Rc7 38. Qe2 Rd6 39. Rc1 Ne6 40. Re1 Nd4
41. Qxe5 Qxe5 42. Rxe5 Nb5 43. Rc4 Kf8 44. Re1 Rd8 45. Rec1 Re7 46. Rc8 Re1+
47. Kh2 Ree8 48. Rxd8 Rxd8 49. d6 Nxd6 50. Rc7 Rb8 51. Rd7 Nb5 52. Bxb7 Nd4 53.
Bd5 Nxb3 54. Rxf7+ Ke8 55. Bxb3 Rxb3 56. Rf6 Ra3 57. Rxa6 Kf7 58. Kg2 Kg7 59.
Ra8 Kh7 60. a6 Kg7 61. a7 Kh7 62. Kf1 Ra2 63. Ke1 Kg7 64. Kd1 Kh7 65. Kc1 Kg7
66. Kb1 Ra4 67. Kb2 Kh7 68. Kb3 Ra1 69. Kc4 Kg7 70. Kd5 Rd1+ 71. Ke5 Re1+ 72.
Kf4 Ra1 73. Ke3 Ra3+ 74. Kd4 Ra1 75. f4 Rd1+ 76. Ke3 Re1+ 77. Kf2 Ra1 78. f5
gxf5 79. Kf3 Ra4 80. Ke3 Kh7 81. Rf8 Rxa7 82. Rxf5 Kg6 83. Rg5+ Kh6 84. Rb5 Ra4
85. Rb6+ Kh7 86. Rd6 Rg4 87. Kf3 Ra4 88. Re6 Rb4 89. Re4 Rb5 90. Kf4 Rb3 91.
Re3 Rb8 92. Kf5 Rb5+ 93. Re5 Rb3 94. Kf4 Rb4+ 95. Re4 Rb3 96. Re3 Rb5 97. Re5
Rb4+ 98. Kf5 Rg4 99. Re3 Kh6 100. Rd3 Kh7 101. Rd7+ Kh6 102. Rd6+ Kh7 103. Rd7+
1/2-1/2

[Event "Gibraltar Challengers B"]
[Site "Gibraltar"]
[Date "2019.01.27"]
[Round "2.2"]
[White "Meszaros, Andras"]
[Black "Osuna Vega, Enrique"]
[Result "1-0"]
[WhiteElo "2226"]
[BlackElo "2116"]
[PlyCount "89"]
[EventDate "2019.01.26"]
[EventType "swiss"]
[EventRounds "5"]
[EventCountry "GGB"]

1. e4 e6 2. d3 c5 3. Nf3 Nc6 4. g3 g6 5. Bg2 Bg7 6. O-O Nge7 7. Re1 d6 8. c3
O-O 9. Bg5 h6 10. Be3 b6 11. Qd2 Kh7 12. d4 cxd4 13. Nxd4 Ne5 14. Na3 Bb7 15.
Rad1 d5 16. Qe2 Qc8 17. Ndb5 Qb8 18. Bf4 g5 19. Bxe5 Qxe5 20. Qc2 d4 21. cxd4
Qb8 22. Nd6 Kg8 23. Nab5 Rd8 24. e5 Bxg2 25. Kxg2 Nd5 26. Qe4 a6 27. Nc3 Bf8
28. Nc4 Nxc3 29. bxc3 Qc7 30. Ne3 Bg7 31. c4 Rac8 32. Rb1 Rd7 33. d5 Bxe5 34.
dxe6 fxe6 35. Ng4 Bg7 36. Qxe6+ Kh8 37. Rxb6 Re7 38. Qxe7 Qxb6 39. Re6 Qd4 40.
Nxh6 Qxc4 41. Nf7+ Kg8 42. Nxg5 Qd5+ 43. Ne4 Qxa2 44. Rg6 Qb2 45. Nf6+ 1-0

[Event "Gibraltar Challengers B"]
[Site "Gibraltar"]
[Date "2019.01.27"]
[Round "2.5"]
[White "Elishev, Ivan"]
[Black "Havik, Victor"]
[Result "1/2-1/2"]
[WhiteElo "2224"]
[BlackElo "2088"]
[PlyCount "119"]
[EventDate "2019.01.26"]
[EventType "swiss"]
[EventRounds "5"]
[EventCountry "GGB"]

1. d4 d5 2. Nc3 Bf5 3. f3 Nf6 4. g4 Bg6 5. g5 Nh5 6. e4 e6 7. Be2 h6 8. f4 hxg5
9. f5 exf5 10. exf5 Bxf5 11. Bxh5 g4 12. Qe2+ Qe7 13. Nxd5 Qxe2+ 14. Nxe2 Bd6
15. Ng3 Be6 16. Nf4 Bxf4 17. Bxf4 Nc6 18. O-O-O O-O-O 19. d5 Bxd5 20. Bxg4+ Kb8
21. Rhf1 Rxh2 22. Nf5 Rh7 23. Bf3 Bxf3 24. Rxd8+ Nxd8 25. Rxf3 Ne6 26. Be3 c5
27. Nd6 f6 28. Ne4 b6 29. Nxf6 gxf6 30. Rxf6 Nc7 31. Bf4 Kb7 32. c4 Na6 33. a3
Nb8 34. Bxb8 Kxb8 35. Kc2 Kb7 36. b4 Rh2+ 37. Kb3 cxb4 38. axb4 Rh7 39. b5 Rc7
40. Kc3 a6 41. bxa6+ Kxa6 42. Kb4 Rc5 43. Rf7 Re5 44. Rd7 Re1 45. Kc3 Rc1+ 46.
Kb3 Re1 47. Kb4 Rb1+ 48. Kc3 Rc1+ 49. Kb3 Re1 50. Rf7 Rg1 51. Kc3 Rg3+ 52. Kb4
Rg1 53. Rf6 Rc1 54. Rh6 Rc2 55. Rh1 Rf2 56. Rh6 Rc2 57. Kb3 Rc1 58. Rh7 b5 59.
Rh6+ Ka5 60. cxb5 1/2-1/2

[Event "Gibraltar Challengers B"]
[Site "Gibraltar"]
[Date "2019.01.27"]
[Round "2.7"]
[White "Broekman, Willem"]
[Black "Rodriguez Perez, Angel Mariano"]
[Result "1/2-1/2"]
[WhiteElo "2071"]
[BlackElo "2204"]
[PlyCount "127"]
[EventDate "2019.01.26"]
[EventType "swiss"]
[EventRounds "5"]
[EventCountry "GGB"]

1. d4 g6 2. c4 Bg7 3. e4 d6 4. Nc3 Nf6 5. f3 O-O 6. Be3 c6 7. Qd2 a6 8. Bd3 b5
9. cxb5 cxb5 10. Rc1 Bb7 11. Nge2 Nbd7 12. O-O Nb6 13. b3 Rc8 14. Kh1 Nfd7 15.
Rfd1 e6 16. Bh6 f5 17. Bxg7 Kxg7 18. exf5 exf5 19. Nf4 Qf6 20. Re1 Rfe8 21.
Rxe8 Rxe8 22. Re1 Qf7 23. Rxe8 Qxe8 24. Kg1 Kf6 25. Kf2 g5 26. Nfe2 Nf8 27. Ng3
Bc8 28. Nge4+ fxe4 29. Nxe4+ Kg7 30. Qxg5+ Qg6 31. Qe7+ Qf7 32. Qg5+ Ng6 33.
Nxd6 Qf4 34. Ne8+ Kf8 35. Qd8 Qh4+ 36. Qxh4 Nxh4 37. Nd6 Ng6 38. a4 bxa4 39.
bxa4 a5 40. Ke3 Ke7 41. Nxc8+ Nxc8 42. g3 Ke6 43. h4 Nb6 44. h5 Nd5+ 45. Kd2
Nf8 46. Bc4 Nd7 47. g4 N7b6 48. Bb3 Kf6 49. Kd3 Kg5 50. Ke4 Nc3+ 51. Ke5 Ncxa4
52. d5 Nc5 53. Ba2 a4 54. d6 Nbd7+ 55. Kd4 Kf4 56. Kc4 h6 57. Kb4 Kxf3 58. g5
hxg5 59. h6 Nd3+ 60. Kxa4 N3e5 61. h7 Ng6 62. Kb5 g4 63. Be6 Nf6 64. d7 1/2-1/2

[Event "Gibraltar Challengers B"]
[Site "Gibraltar"]
[Date "2019.01.27"]
[Round "2.8"]
[White "Lucas Vega, Ivan"]
[Black "Spacapan, Simon"]
[Result "0-1"]
[WhiteElo "2203"]
[BlackElo "2061"]
[PlyCount "68"]
[EventDate "2019.01.26"]
[EventType "swiss"]
[EventRounds "5"]
[EventCountry "GGB"]

1. e4 c5 2. Nc3 d6 3. f4 a6 4. Nf3 Nf6 5. d3 e6 6. g3 Be7 7. Bg2 O-O 8. O-O b5
9. h3 Bb7 10. g4 Nbd7 11. Ne2 Ne8 12. Ng3 d5 13. e5 d4 14. Qe2 Nc7 15. Bd2 Nb6
16. Ne4 Nbd5 17. Nh2 Rc8 18. g5 Kh8 19. Qh5 Ba8 20. Ng4 c4 21. Be1 Ne8 22. Qh4
cxd3 23. cxd3 Rc2 24. f5 exf5 25. Rxf5 Ne3 26. Nxe3 dxe3 27. Rd1 Rxb2 28. Bc3
Rxa2 29. Rf3 b4 30. Ba1 e2 31. Re1 Rxa1 32. Rxa1 Qd4+ 33. Kh2 Qxa1 34. Nf6
Qxe5+ 0-1

[Event "Gibraltar Challengers B"]
[Site "Gibraltar"]
[Date "2019.01.27"]
[Round "2.9"]
[White "Pavlov, Egor"]
[Black "Alami, Halim"]
[Result "1/2-1/2"]
[WhiteElo "2187"]
[BlackElo "2059"]
[PlyCount "83"]
[EventDate "2019.01.26"]
[EventType "swiss"]
[EventRounds "5"]
[EventCountry "GGB"]

1. d4 d5 2. c4 e6 3. Nf3 c6 4. Nbd2 f5 5. g3 Nf6 6. Bg2 Be7 7. O-O O-O 8. b3
Ne4 9. Bb2 Nd7 10. Ne5 Nxe5 11. dxe5 Nxd2 12. Qxd2 dxc4 13. Qc2 cxb3 14. axb3
Qc7 15. e4 f4 16. gxf4 Rxf4 17. Bd4 b6 18. Be3 Rf7 19. f4 Bd7 20. Kh1 Raf8 21.
Rfd1 Bc8 22. Bh3 a5 23. Qc4 b5 24. Qc3 Bb4 25. Qc2 Kh8 26. Rac1 Bd7 27. Qe2 Qb7
28. Qh5 c5 29. Bg2 Bc6 30. Qf3 g6 31. Rd6 Ba3 32. Rxe6 Bxc1 33. Bxc1 Rd7 34.
Rd6 Rxd6 35. exd6 Re8 36. Bb2+ Kg8 37. Qc3 Bxe4 38. Qh8+ Kf7 39. Qf6+ Kg8 40.
Qh8+ Kf7 41. Qf6+ Kg8 42. Qh8+ 1/2-1/2

[Event "Gibraltar Challengers B"]
[Site "Gibraltar"]
[Date "2019.01.27"]
[Round "2.10"]
[White "Orndahl, Markus"]
[Black "Hamer, Martyn"]
[Result "1-0"]
[WhiteElo "2173"]
[BlackElo "2046"]
[PlyCount "101"]
[EventDate "2019.01.26"]
[EventType "swiss"]
[EventRounds "5"]
[EventCountry "GGB"]

1. e4 e5 2. Nc3 Nf6 3. g3 Nc6 4. Bg2 Bc5 5. d3 O-O 6. Nge2 a6 7. O-O d6 8. h3
Nd4 9. Kh2 Re8 10. f4 Nxe2 11. Nxe2 exf4 12. Nxf4 Bb6 13. Qf3 Qe7 14. Bd2 c6
15. Bc3 Bd8 16. Rae1 Be6 17. Re2 Qd7 18. Ref2 a5 19. a4 Rf8 20. Kh1 d5 21. e5
Ne8 22. Kh2 Nc7 23. Bd4 Be7 24. Qe3 Na6 25. Nh5 Kh8 26. b3 c5 27. Bb2 Nc7 28.
c4 Rad8 29. Bc1 dxc4 30. dxc4 Qd3 31. Qxd3 Rxd3 32. Nf4 Rxb3 33. Nxe6 Nxe6 34.
Rxf7 Re8 35. Bd5 Rb6 36. h4 h6 37. Kh3 g5 38. Be4 Kg8 39. h5 Bf8 40. Bh7+ Kh8
41. Bg6 Rd8 42. Be4 Bg7 43. Bd5 Nd4 44. Re7 Rf8 45. Rxf8+ Bxf8 46. Re8 Kg7 47.
Ra8 Rb3 48. Bd2 Rd3 49. Bxa5 Nf5 50. Be4 Rxg3+ 51. Kh2 1-0

[Event "Gibraltar Challengers B"]
[Site "Gibraltar"]
[Date "2019.01.27"]
[Round "2.11"]
[White "Bengherabi, Khalil"]
[Black "Probst, Alexander"]
[Result "1/2-1/2"]
[WhiteElo "2150"]
[BlackElo "1976"]
[PlyCount "105"]
[EventDate "2019.01.26"]
[EventType "swiss"]
[EventRounds "5"]
[EventCountry "GGB"]

1. e4 e5 2. Nf3 Nf6 3. Nc3 Nc6 4. d4 exd4 5. Nxd4 Bb4 6. Nxc6 bxc6 7. Bd3 d5 8.
exd5 cxd5 9. O-O O-O 10. Bg5 c6 11. Qf3 Be7 12. h3 Be6 13. Ne2 Nd7 14. Bxe7
Qxe7 15. Rfe1 Qf6 16. Qxf6 Nxf6 17. Nd4 Bd7 18. Bf5 Rab8 19. Bxd7 Nxd7 20. Re7
Nf6 21. b3 c5 22. Nc6 Rb6 23. Nxa7 Ra8 24. a4 c4 25. Rb1 Kf8 26. Rc7 Ne8 27.
Rc6 Rxc6 28. Nxc6 Nf6 29. a5 Ra6 30. Ne5 cxb3 31. Rxb3 Rxa5 32. Rb7 d4 33. f4
Rc5 34. Rxf7+ Kg8 35. Rb7 h5 36. Rb2 Nd5 37. Nd3 Rc4 38. Ra2 Ne3 39. Ne1 Nd5
40. Kf2 Nxf4 41. Kf3 g5 42. Ke4 d3+ 43. Ke3 dxc2 44. Rxc2 Rxc2 45. Nxc2 Nxg2+
46. Ke4 Kg7 47. Kf3 Nh4+ 48. Ke4 Kf6 49. Ne3 Ng6 50. Nd5+ Ke6 51. Nc7+ Kf6 52.
Nd5+ Ke6 53. Nc7+ 1/2-1/2

[Event "Gibraltar Challengers B"]
[Site "Gibraltar"]
[Date "2019.01.27"]
[Round "2.13"]
[White "Weeramantry, Sunil"]
[Black "Kandic, Milan"]
[Result "1-0"]
[WhiteElo "2007"]
[BlackElo "2136"]
[PlyCount "75"]
[EventDate "2019.01.26"]
[EventType "swiss"]
[EventRounds "5"]
[EventCountry "GGB"]

1. e4 d6 2. d4 Nf6 3. Nc3 e5 4. Nf3 Nbd7 5. Bc4 Be7 6. O-O O-O 7. a4 a5 8. h3
c6 9. Re1 Qc7 10. Be3 exd4 11. Nxd4 Nc5 12. Bf4 Ne6 13. Bg3 Nxd4 14. Qxd4 Nd7
15. Rad1 Ne5 16. Bf1 b6 17. Kh1 Ba6 18. Bxa6 Rxa6 19. f4 Ng6 20. Rd3 Ra7 21.
Red1 Rb7 22. Qf2 Qc8 23. f5 Ne5 24. Bxe5 dxe5 25. Qd2 h6 26. Ne2 Bg5 27. Qc3
Re8 28. Rd6 Rc7 29. Qg3 Qa6 30. Qg4 Kh7 31. h4 Bf6 32. Ng3 Rg8 33. Nh5 Be7 34.
f6 gxf6 35. Nxf6+ Bxf6 36. Qf5+ Rg6 37. h5 Qc8 38. hxg6+ 1-0

[Event "Gibraltar Challengers B"]
[Site "Gibraltar"]
[Date "2019.01.27"]
[Round "2.14"]
[White "Ramasindraibe, Girard"]
[Black "Adebajo, Olufemi"]
[Result "1-0"]
[WhiteElo "2129"]
[BlackElo "1915"]
[PlyCount "82"]
[EventDate "2019.01.26"]
[EventType "swiss"]
[EventRounds "5"]
[EventCountry "GGB"]

1. e4 d6 2. d4 Nf6 3. Nc3 c6 4. f4 b5 5. a3 Qa5 6. Bd2 Qb6 7. Nf3 Bg4 8. e5
dxe5 9. dxe5 Nfd7 10. h3 Be6 11. Ng5 Na6 12. Nxe6 fxe6 13. Qf3 O-O-O 14. Ne4 h6
15. h4 Nc7 16. Be3 Qb7 17. a4 b4 18. a5 Nd5 19. Bc5 g6 20. c4 bxc3 21. bxc3 Bg7
22. Bd3 Nxc3 23. O-O Nxe4 24. Bxe4 Nxc5 25. Bxc6 Qb3 26. Qf2 Nd3 27. Qxa7 Qb8
28. Qxe7 Bf8 29. Qxe6+ Kc7 30. Be4 Bc5+ 31. Kh2 Qb5 32. Rab1 Nb4 33. Rfc1 Kb8
34. Qc4 Qxc4 35. Rxc4 Be7 36. Rbxb4+ Bxb4 37. Rxb4+ Ka7 38. Bxg6 Rhg8 39. h5
Ka6 40. e6 Kxa5 41. Re4 Rh8 1-0

[Event "Gibraltar Challengers B"]
[Site "Gibraltar"]
[Date "2019.01.27"]
[Round "2.15"]
[White "Skutta, Bernd"]
[Black "Berrocal Ruiz, Valentin"]
[Result "0-1"]
[WhiteElo "1988"]
[BlackElo "2127"]
[PlyCount "66"]
[EventDate "2019.01.26"]
[EventType "swiss"]
[EventRounds "5"]
[EventCountry "GGB"]

1. d4 Nf6 2. Bf4 c5 3. d5 d6 4. Nc3 g6 5. h3 Bg7 6. e4 O-O 7. Nf3 b5 8. e5 dxe5
9. Bxe5 a6 10. Bd3 Nbd7 11. Bh2 Nb6 12. O-O c4 13. Be2 Nbxd5 14. Nxd5 Nxd5 15.
c3 Bb7 16. a4 Re8 17. axb5 axb5 18. Nd4 Qb6 19. Qd2 e5 20. Nc2 Rad8 21. Qc1 Qc6
22. f3 Bf8 23. Kh1 Bc5 24. Rd1 Qb6 25. Qg5 f6 26. Qh6 Ne7 27. Qh4 Nf5 28. Qe1
h5 29. g4 hxg4 30. hxg4 Bf2 31. Qf1 Nh4 32. Qh3 Rd3 33. Ne1 Bxe1 0-1

[Event "Gibraltar Challengers B"]
[Site "Gibraltar"]
[Date "2019.01.27"]
[Round "2.19"]
[White "Haase, Pavel"]
[Black "Fegan, Chris"]
[Result "1/2-1/2"]
[WhiteElo "2141"]
[BlackElo "2024"]
[PlyCount "32"]
[EventDate "2019.01.26"]
[EventType "swiss"]
[EventRounds "5"]
[EventCountry "GGB"]

1. Nf3 Nf6 2. b3 g6 3. Bb2 Bg7 4. e4 O-O 5. e5 Nd5 6. c4 Nb4 7. Bc3 c5 8. d4 d6
9. a3 N4c6 10. exd6 cxd4 11. Nxd4 Qxd6 12. Nb5 Qxd1+ 13. Kxd1 Rd8+ 14. Ke1 Na6
15. Bxg7 Kxg7 16. b4 Bf5 1/2-1/2

[Event "Gibraltar Challengers B"]
[Site "Gibraltar"]
[Date "2019.01.27"]
[Round "2.21"]
[White "Gostelow, David W"]
[Black "Bottema, Martin"]
[Result "1/2-1/2"]
[WhiteElo "1850"]
[BlackElo "2104"]
[PlyCount "37"]
[EventDate "2019.01.26"]
[EventType "swiss"]
[EventRounds "5"]
[EventCountry "GGB"]

1. d4 Nf6 2. Bf4 d5 3. e3 c5 4. c3 Nc6 5. Nd2 e6 6. Ngf3 cxd4 7. cxd4 Qb6 8.
Qb3 Qxb3 9. Nxb3 Nh5 10. Bc7 Kd7 11. Bg3 Nxg3 12. hxg3 Bb4+ 13. Kd1 Ke7 14. a3
Bd6 15. Rc1 Bd7 16. Nc5 Bxc5 17. Rxc5 h6 18. Bd3 Kd6 19. b4 1/2-1/2

[Event "Gibraltar Challengers B"]
[Site "Gibraltar"]
[Date "2019.01.27"]
[Round "2.22"]
[White "Erdogan, Hassan"]
[Black "Saber, Yasser"]
[Result "1/2-1/2"]
[WhiteElo "1833"]
[BlackElo "2201"]
[PlyCount "104"]
[EventDate "2019.01.26"]
[EventType "swiss"]
[EventRounds "5"]
[EventCountry "GGB"]

1. d4 d6 2. Nf3 g6 3. Bf4 Bg7 4. e3 f5 5. Be2 Nf6 6. O-O O-O 7. h3 Ne4 8. c3
Nc6 9. Nbd2 e5 10. Bh2 Nxd2 11. Nxd2 e4 12. Qc2 a5 13. a3 Be6 14. b4 g5 15. b5
Ne7 16. a4 Nd5 17. Bc4 c6 18. Rab1 Kh8 19. Qb3 Rc8 20. Qa3 Rf6 21. Bxd6 Nxc3
22. Rbc1 Bxc4 23. Rxc3 Rxd6 24. Rxc4 g4 25. h4 Bf8 26. g3 Rd5 27. Qc1 Bb4 28.
Nb3 Qd6 29. Qc2 Qe6 30. Rc1 Rd6 31. Qe2 Kg8 32. Na1 Rb8 33. Nc2 cxb5 34. axb5
Rc8 35. Nxb4 Rxc4 36. Qxc4 Qxc4 37. Rxc4 axb4 38. Rxb4 Kf7 39. Kf1 Ke6 40. Ke2
Rd7 41. Rc4 Rd5 42. Rc5 Rxc5 43. dxc5 Kd5 44. c6 bxc6 45. bxc6 Kxc6 46. Kd2 Kc5
47. Kc3 h6 48. Kb3 Kb5 49. Kc3 Kc5 50. Kb3 Kb5 51. Kc3 Kc5 52. Kb3 Kd5 1/2-1/2

[Event "Gibraltar Challengers B"]
[Site "Gibraltar"]
[Date "2019.01.27"]
[Round "2.23"]
[White "Dolzhikova, Olga"]
[Black "Hassomal Daswani, Birjkumar"]
[Result "1-0"]
[WhiteElo "2224"]
[BlackElo "2008"]
[PlyCount "115"]
[EventDate "2019.01.26"]
[EventType "swiss"]
[EventRounds "5"]
[EventCountry "GGB"]

1. e4 c5 2. c3 d5 3. exd5 Qxd5 4. d4 e6 5. Nf3 Nf6 6. Bd3 Be7 7. O-O O-O 8. Qe2
Nc6 9. Be3 cxd4 10. cxd4 b6 11. Nc3 Qd6 12. a3 Bb7 13. Rad1 Rac8 14. Bb1 Rfd8
15. Rfe1 h6 16. h3 Bf8 17. Bc1 g6 18. Ba2 Ne7 19. Nb5 Qb8 20. Ne5 Ned5 21. Bb1
Rxc1 22. Rxc1 Nf4 23. Qd2 Nxg2 24. Red1 g5 25. Rc7 Nh4 26. Qe2 a6 27. Rxf7 axb5
28. Rxf6 Bd5 29. Qc2 Nf5 30. Rxf5 exf5 31. Qxf5 Qb7 32. Ng4 Bg7 33. Qh7+ Kf8
34. Nxh6 Qd7 35. Nf5 Qf7 36. Qxg7+ Qxg7 37. Nxg7 Kxg7 38. Bc2 Rc8 39. Bd3 Kf6
40. f3 Ke6 41. Kf2 Rf8 42. Re1+ Kd6 43. Re3 Rf4 44. Be4 Be6 45. Rc3 Kd7 46. Ke3
Bc4 47. b3 Bf1 48. Rc1 Bxh3 49. Bc6+ Ke7 50. Bxb5 Be6 51. Bc4 Bd7 52. Rh1 Rf6
53. Rg1 b5 54. Bd3 Ra6 55. Ra1 Rc6 56. Kd2 Rd6 57. Kc3 Kf6 58. Rh1 1-0